000 01008cab a22001935a 4500
001 L143356
008 080429e20080425xxk f 000 0 eng d
035 _a(Sirsi) u143356
041 0 _aeng
100 1 _aMorrison, Doug
245 0 0 _aStashing the cash
260 _c2008
490 _aProperty Week
_v73(17) 25 April 2008, 70-71(2)
520 _aFirst of a five article series considers possible measures which can be taken by those involved in the property market to mediate the effects of the US-originated credit crunch. Shows that UK news in April is not promising. Examines the dilemma faced by the Bank of England over further interest rate cuts. Considers the possibility of future credit problems concerning mortgage lenders. Reports that many would welcome the opportunity to swap mortgage-backed assets for government bonds. Suggests that a two-year adjustment period may now be underway.
590 _aKA
651 4 _aUnited Kingdom
_y
690 _aPROPERTY-PROPERTY MARKET
942 _n0
999 _c80149
_d80149